|
|
|
|
| LEADER |
01426nam a22002897a 4500 |
| 001 |
31880 |
| 003 |
BD-DhAAL |
| 005 |
20171112115920.0 |
| 008 |
171112s2004 bg ||||| |||| 00| 0 ben d |
| 999 |
|
|
|c 38220
|d 38220
|
| 020 |
|
|
|a 9789845040969
|
| 040 |
|
|
|a BD-DhAAL
|c BD-DhAAL
|
| 041 |
|
|
|a BEN
|
| 082 |
|
|
|a 891.44
|
| 100 |
|
|
|a ঠাকুর, রবীন্দ্রনাথ
|9 18883
|
| 245 |
|
|
|a রবীন্দ্রনাথ ঠাকুরের দুই বোন /
|c মঞ্চ নাট্যরূপ মমতাজউদ্দীন আহমদ
|
| 260 |
|
|
|a ঢাকা :
|b তিশা বুকস ট্রেড,
|c ২০০৪
|
| 300 |
|
|
|a ৮০ পৃষ্ঠা ;
|c ২১ সে.মি.
|
| 526 |
|
|
|a AAL
|
| 541 |
|
|
|e 31879 & 31880
|a রকমারী
|
| 600 |
|
|
|a Tagore, Rabindranath,
|d 1861-1941.
|9 18830
|
| 650 |
|
|
|a Bengali literature
|9 23746
|
| 700 |
|
|
|a আহমদ, মমতাজউদ্দীন
|9 23747
|
| 852 |
|
|
|a Ayesha Abed Libray
|c General Shelf
|
| 942 |
|
|
|2 ddc
|c BK
|
| 952 |
|
|
|0 0
|1 4
|2 ddc
|4 0
|6 891_440000000000000_TAG
|7 0
|9 60936
|a BRACUL
|b BRACUL
|c GEN
|d 2017-07-23
|e রকমারী
|g 70.00
|l 0
|o 891.44 TAG
|p 3010031879
|r 2017-07-23
|t 1
|v 70.00
|w 2017-07-23
|y BK
|x Koha Inventory 2020
|
| 952 |
|
|
|0 0
|1 0
|2 ddc
|4 0
|6 891_440000000000000_TAG
|7 0
|9 60937
|a BRACUL
|b BRACUL
|c GEN
|d 2017-07-23
|e রকমারী
|g 70.00
|l 8
|m 51
|o 891.44 TAG
|p 3010031880
|r 2025-08-09
|s 2025-06-21
|t 2
|v 70.00
|w 2017-07-23
|y BK
|